00302nam a2200121Ia 4500008004100000041000900041082001800050100001300068245004400081260003900125300000800164650000800172230718s9999 xx 000 0 und d aEng. a418.02bM.S-Z aM.Sanaya 0aZulifiqar Ali Bhutto ka qatab kasy Howa aPakistanbJhamori Publishersc2011 a128 aLaw